| 000 | 00705nam a2200217Ia 4500 | ||
|---|---|---|---|
| 008 | 130821s2003 sp a gr spa | ||
| 020 | _a8432311340 | ||
| 040 |
_aCo-BoUCM _bspa |
||
| 041 | 0 | 0 | _aspa |
| 100 | 1 |
_aGaleano, Eduardo _d1940- _967373 |
|
| 245 | 1 | 3 |
_aEl fútbol a sol y sombra _cEduardo Galeano |
| 250 | _a2a. Ed. | ||
| 260 |
_aMadrid (España) _bSiglo Veintiuno _c2003 |
||
| 300 |
_a284 páginas _bilustraciones |
||
| 490 | _aBiblioteca Eduardo Galeano | ||
| 504 | _aIncluye índice y bibliografía. | ||
| 650 | 0 | 4 |
_aDeportes _9388 |
| 650 | 0 | 4 |
_aFútbol _vAnécdotas, chistes, sátiras, etc. _97649 |
| 942 |
_cLIBRO _a11 _e2 _mG152f _2DEWEY _h796.334 |
||
| 999 |
_c48298 _d48298 |
||